LEADER 01963nas 2200553- 450 001 9910873535103321 005 20210125095426.0 035 $a(OCoLC)898456467 035 $a(CKB)3710000000537113 035 $a(CONSER)--2015204050 035 $a(IEEE)1803749 035 $a(EXLCZ)993710000000537113 100 $a20141222a20149999 s-- a 101 0 $aeng 135 $aurcnu|||||||| 181 $ctxt$2rdacontent 182 $cc$2rdamedia 183 $acr$2rdacarrier 200 10$a... International Conference on Green Energy 210 1$a[Piscataway, NJ] :$c[IEEE],$d[2014]- 300 $aProceedings of conference. 311 $a2378-8356 606 $aElectric power systems$xEnvironmental aspects$vCongresses 606 $aRenewable energy sources$vCongresses 606 $aSustainable engineering$vCongresses 606 $aClean energy$vCongresses 606 $aEnergy conservation$vCongresses 606 $aClean energy$2fast$3(OCoLC)fst01920487 606 $aElectric power systems$xEnvironmental aspects$2fast$3(OCoLC)fst00905553 606 $aEnergy conservation$2fast$3(OCoLC)fst00909912 606 $aRenewable energy sources$2fast$3(OCoLC)fst01094570 606 $aSustainable engineering$2fast$3(OCoLC)fst01739808 608 $aConference papers and proceedings.$2fast 615 0$aElectric power systems$xEnvironmental aspects 615 0$aRenewable energy sources 615 0$aSustainable engineering 615 0$aClean energy 615 0$aEnergy conservation 615 7$aClean energy. 615 7$aElectric power systems$xEnvironmental aspects. 615 7$aEnergy conservation. 615 7$aRenewable energy sources. 615 7$aSustainable engineering. 676 $a621.31 712 02$aInstitute of Electrical and Electronics Engineers, 906 $aCONFERENCE 912 $a9910873535103321 996 $a.. International Conference on Green Energy$92526603 997 $aUNINA LEADER 01703oam 2200409zu 450 001 9910872750003321 005 20241212214850.0 035 $a(CKB)111026746714954 035 $a(SSID)ssj0000558362 035 $a(PQKBManifestationID)12157903 035 $a(PQKBTitleCode)TC0000558362 035 $a(PQKBWorkID)10559181 035 $a(PQKB)11128330 035 $a(NjHacI)99111026746714954 035 $a(EXLCZ)99111026746714954 100 $a20160829d1996 uy 101 0 $aeng 135 $aur||||||||||| 181 $ctxt 182 $cc 183 $acr 200 10$a1996 2nd High Frequency Postgraduate Student Colloquium 210 31$a[Place of publication not identified]$cIEEE$d1996 215 $a1 online resource (500 pages) 300 $aBibliographic Level Mode of Issuance: Monograph 311 08$a9780780331518 311 08$a0780331516 330 $aThis paper presents a design method for dielectric waveguide phase shifters. Phase shifting is achieved by varying the distance between a dielectric waveguide and an arbitrary piece of dielectric. Experimental results are given and are shown to be in good comparison with the theory. It is shown that phase shifters with very low loss can be realised if the dielectric is small in comparison to the waveguide. Furthermore, the losses are less than existing metallic wall phase shifters. 606 $aDoppler radar 615 0$aDoppler radar. 676 $a621.38485 712 02$aIEEE, Institute of Electrical and Electronics Engineers, Inc. Staff 801 0$bPQKB 906 $aBOOK 912 $a9910872750003321 996 $a1996 2nd High Frequency Postgraduate Student Colloquium$92508651 997 $aUNINA